The making of the Soviet system : essays in the social history of interwar Russia /

Bibliographic Details
Main Author: Lewin, Moshe, 1921-2010
Format: Book
Language:English
Published: New York : Pantheon Books, ©1985.
Edition:1st ed.
Subjects:

MARC

Tag First Indicator Second Indicator Subfields
LEADER 00000cam a2200000 a 4500
001 in00000577247
005 20240304185727.0
008 840822s1985 nyu b 001 0 eng
010 |a  84018949  
016 |a (AMICUS)000006203602 
019 |a 12030146  |a 1295719065 
020 |a 0394543025 
020 |a 9780394543024 
020 |a 0394729005  |q (pbk.) 
020 |a 9780394729008  |q (pbk.) 
029 1 |a AU@  |b 000003391759 
029 1 |a GEBAY  |b 453831 
029 1 |a HEBIS  |b 241597943 
029 1 |a NLGGC  |b 843134437 
029 1 |a NZ1  |b 2832203 
029 1 |a DEBBG  |b BV000430204 
029 1 |a NZ1  |b 167453 
029 1 |a NLC  |b 000006203602 
035 |a (OCoLC)ocm11134511  
035 |a (OCoLC)11134511  |z (OCoLC)12030146  |z (OCoLC)1295719065 
035 |a (OCoLC)ocm11134511  
040 |a DLC  |b eng  |c DLC  |d LAS  |d BTCTA  |d YDXCP  |d GEBAY  |d OCLCO  |d OCLCF  |d OCLCQ  |d OCL  |d OCLCQ  |d DEBBG  |d OCL  |d NLC  |d OKX  |d OCLCO  |d OCLCA  |d OCLCO  |d J9U  |d OCLCO 
043 |a e-ur--- 
050 0 0 |a HN523  |b .L44 1985 
082 0 0 |a 306/.0947  |2 19 
084 |a 7,41  |2 ssgn 
084 |a NQ 5053  |2 rvk 
084 |a NQ 5065  |2 rvk 
100 1 |a Lewin, Moshe,  |d 1921-2010. 
245 1 4 |a The making of the Soviet system :  |b essays in the social history of interwar Russia /  |c Moshe Lewin. 
250 |a 1st ed. 
260 |a New York :  |b Pantheon Books,  |c ©1985. 
300 |a viii, 354 pages ;  |c 25 cm 
336 |a text  |b txt  |2 rdacontent 
337 |a unmediated  |b n  |2 rdamedia 
338 |a volume  |b nc  |2 rdacarrier 
380 |a Bibliography 
504 |a Includes bibliographical references and index. 
505 0 0 |t Rural society in twentieth-century Russia --  |t Popular religion in twentieth-century Russia --  |t Customary law and rural society in the postreform era --  |t Immediate background of Soviet collectivization --  |t Who was the Soviet Kulak? --  |t "Taking grain" : Soviet policies of agricultural procurements before the war --  |t Kolkhoz and the Russian Muzhik --  |t Leninism and Bolshevism : the test of history of power --  |t Society, state, and ideology during the first Five-Year Plan --  |t Social relations inside industry during the prewar Five-Year Plans, 1928-41 --  |t Social background of Stalinism --  |t Grappling with Stalinism. 
651 0 |a Soviet Union  |x Social conditions. 
651 0 |a Soviet Union  |x Politics and government  |y 1917-1936. 
651 6 |a URSS  |x Conditions sociales. 
651 6 |a URSS  |x Politique et gouvernement  |y 1917-1936. 
650 7 |a Politics and government  |2 fast 
650 7 |a Social conditions  |2 fast 
651 7 |a Soviet Union  |2 fast 
651 7 |a Sowjetunion  |2 gnd 
651 7 |a Soviet Union  |x Social conditions  |2 nli 
651 7 |a Soviet Union  |x Politics and government  |y 1917-1936  |2 nli 
650 0 7 |a Sozialgeschichte 1918-1941.  |2 swd 
648 4 |a Sozialgeschichte 1918-1941. 
648 7 |a 1917-1936  |2 fast 
776 0 8 |i Online version:  |a Lewin, Moshe, 1921-  |t Making of the Soviet system.  |b 1st ed.  |d New York : Pantheon Books, ©1985  |w (OCoLC)647592201 
938 |a Baker and Taylor  |b BTCP  |n 84018949  |c $22.95 
938 |a YBP Library Services  |b YANK  |n 343764 
948 |h HELD BY TXA - 647 OTHER HOLDINGS 
994 |a Z0  |b TXA 
999 f f |s 2a13fa0a-de95-3c60-a9b1-60cebae8715e  |i ca6521bd-87b2-3d4d-97be-29da5833ebfd  |t 0 
952 f f |p ric  |a Texas A&M University  |b Rellis Campus  |c Joint Library Facility  |s JLF  |d Remote Storage  |t 0  |e HN523 .L44 1985  |h Library of Congress classification  |i unmediated -- volume  |m A14808503122 
952 f f |a Texas A&M University  |b College Station  |c Sterling C. Evans Library  |s Evans Withdrawn (Evans)  |d SUPPRESSED  |t 1  |e HN523 .L44 1985  |h Library of Congress classification 
952 f f |a Texas A&M University  |b College Station  |c Sterling C. Evans Library  |s Evans Withdrawn (Evans)  |d SUPPRESSED  |t 1  |e HN523 .L44 1985  |h Library of Congress classification